| 000 | 00547nam a2200193 a 4500 | ||
|---|---|---|---|
| 005 | 20220602063701.0 | ||
| 008 | 020909s1987 es r 000 0 spa d | ||
| 020 | _a9802710695 | ||
| 035 | _aUPN01000118958 | ||
| 049 | _aCG | ||
| 050 | 4 |
_aPQ8498.32 A6.5 _bH3 |
|
| 100 | 1 |
_aVargas Llosa, Mario, _d1936- _929481 |
|
| 245 | 1 | 3 |
_aEl hablador / _cMario Vargas Llosa. |
| 260 |
_aCaracas : _bPlaneta ; _aBarcelona, Esp. : _bSeix Barral, _cc1987. |
||
| 300 | _a237 p. | ||
| 440 | 0 | _aBiblioteca breve | |
| 650 | 7 |
_aNovela peruana _2 _910208 |
|
| 905 | _aLibro | ||
| 999 |
_c91320 _d91320 |
||